MARC

LEADER 00000nam0a2200000 4500
001 362809
005 20231102011527.0
035 |a (RuTPU)RU\TPU\retro\20155 
090 |a 362809 
100 |a 20210826d1949 m y0rusy50 ca 
101 0 |a rus 
102 |a RU 
105 |a a j 001zy 
200 1 |a Буровое дело  |e учебное пособие  |f А. В. Калинников 
210 |a Москва  |c Государственное издательство сельскохозяйственной литературы  |d 1949 
215 |a 398 с.  |c ил. 
225 1 |a Учебники и учебные пособия для сельскохозяйственных высших учебных заведений 
316 |5 63413507: КР-7004  |a Поступил в НТБ в 2004 г. в составе книжного собрания кафедры общей геологии  
317 |5 63413507: КР-7004  |a На форзаце владельческая подпись: "2.2.50 г. г. Томск. А. Белецкий" 
320 |a Библиогр.: с. 395 
606 1 |a Буровое дело  |2 stltpush  |3 (RuTPU)RU\TPU\subj\30514  |9 53616 
610 1 |a ударно-вращательное бурение 
610 1 |a инструменты 
610 1 |a оборудование 
610 1 |a буры 
610 1 |a канатное бурение 
610 1 |a вращательное бурение 
610 1 |a скважины 
610 1 |a бурение 
610 1 |a расчеты 
610 1 |a техника безопасности 
610 1 |a учебные пособия 
610 1 |a Коллекция кафедры общей геологии 
610 1 |a дары библиотеке 
675 |a 622.24(075.8)  |v 4 
700 1 |a Калинников  |b А. В. 
801 1 |a RU  |b 63413507  |c 20210826 
801 2 |a RU  |b 63413507  |c 20211117  |g RCR 
942 |c BK